Los primeros veinticinco años de la vida de José Calvo Sotelo (Record no. 118700)
[ view plain ]
| 000 -LEADER | |
|---|---|
| campo de control de longitud fija | 00788nam a2200205 i 4500 |
| 001 - NÚMERO DE CONTROL | |
| campo de control | 118700 |
| 003 - IDENTIFICADOR DE NÚMERO DE CONTROL | |
| campo de control | ES-MaACL |
| 005 - FECHA Y HORA DE LA ÚLTIMA TRANSACCIÓN | |
| campo de control | 20251210144621.0 |
| 007 - CAMPO FIJO DE DESCRIPCIÓN FÍSICA--INFORMACIÓN GENERAL | |
| campo de control de longitud fija | t| |
| 008 - DATOS DE LONGITUD FIJA--INFORMACIÓN GENERAL | |
| campo de control de longitud fija | 070214s1961 sp r ||||1| spa d |
| 100 1# - ENTRADA PRINCIPAL--NOMBRE DE PERSONA | |
| Nombre de persona | Pi y Navarro, Manuel. |
| 9 (RLIN) | 91734 |
| 245 14 - MENCIÓN DEL TÍTULO | |
| Título | Los primeros veinticinco años de la vida de José Calvo Sotelo |
| Resto del título | : (apuntes para una biografía) / |
| Mención de responsabilidad, etc. | Manuel Pi y Navarro ; prólogo del Excmo. Sr. Conde de Vallellano. |
| 260 ## - PUBLICACIÓN, DISTRIBUCIÓN, ETC. | |
| Lugar de publicación, distribución, etc. | Zaragoza : |
| Nombre del editor, distribuidor, etc. | [s. n.], |
| Fecha de publicación, distribución, etc. | Tall. El Noticiero ( |
| Fabricante | 1961) |
| 300 ## - DESCRIPCIÓN FÍSICA | |
| Extensión | 134 p. ; |
| Dimensiones | 21 cm. |
| 599 ## - NOTA A LAS ILUSTRACIONES | |
| NOTA A LAS ILUSTRACIONES | En cub.: retr. de José Calvo Sotelo. |
| 600 14 - PUNTO DE ACCESO ADICIONAL DE MATERIA--NOMBRE DE PERSONA | |
| Nombre de persona | Calvo Sotelo, José, |
| Fechas asociadas al nombre | 1893-1936 |
| 9 (RLIN) | 33914 |
| 700 1# - ENTRADA AGREGADA--NOMBRE PERSONAL | |
| Nombre de persona | Suárez de Tangil y de Angulo, Fernando, |
| Títulos y otros términos asociados al nombre | Conde de Vallellano |
| 9 (RLIN) | 108609 |
| 852 ## - LOCALIZACIÓN | |
| Ubicación | ES-MaACL |
| Número de control de estantería | C-20969 |
| Estatus retirado | Estado de pérdida | Estado de daño | No para préstamo | Biblioteca de origen | Biblioteca actual | Ubicación en estantería | Fecha de adquisición | Fuente de adquisición | Total de préstamos | Signatura topográfica completa | Código de barras | Visto por última vez | Precio de reemplazo | Tipo de ítem Koha |
|---|---|---|---|---|---|---|---|---|---|---|---|---|---|---|
| Biblioteca del Ateneo de Madrid | Biblioteca del Ateneo de Madrid | Galería | 17/01/2008 | C-20969 | 1123743 | 23/02/2023 | 23/02/2023 | Libro impreso |
